Podnikanie vo vybranom odvetví spracovateľského priemyslu bakalárska práca

Uložené v:
Podrobná bibliografia
Hlavný autor: Klimová, Gabriela
Korporativný autor: Podnikovohospodárska fakulta EU so sídlom v Košiciach. Katedra obchodného podnikania
Ďalší autori: Pružinský, Michal, 1952-
Médium: Kniha
Jazyk:Slovak
Vydavateľské údaje: Košice 2017
Tagy: Pridať tag
Žiadne tagy, Buďte prvý, kto otaguje tento záznam!

MARC

LEADER 00000nbm a2200000 4500
001 0231608
005 20171113110953.5
041 0 |a slo 
044 |a SK 
245 1 0 |a Podnikanie vo vybranom odvetví spracovateľského priemyslu  |b bakalárska práca  |c Gabriela Klimová ; školiteľ: Michal Pružinský 
264 1 |a Košice  |c 2017 
300 |a 44 s. 
100 1 |a Klimová, Gabriela 
700 1 |a Pružinský, Michal, 1952- 
710 2 |a Podnikovohospodárska fakulta EU so sídlom v Košiciach. Katedra obchodného podnikania